[Event "Ruhrgebiet Regionalliga 1819"]
[Site "Nordrheinwestfalen"]
[Date "2018.11.11"]
[Round "4.6"]
[White "Grodotzki, Kenneth"]
[Black "Stefaniak, Christian"]
[Result "1-0"]
[WhiteElo "1972"]
[BlackElo "1914"]
[PlyCount "103"]
[EventDate "2018.09.02"]
[EventType "team-tourn"]
[EventRounds "11"]
[EventCountry "GER"]
[SourceTitle "EXT 2022"]
[Source "ChessBase"]
[SourceDate "2021.10.06"]
[SourceVersion "1"]
[SourceVersionDate "2021.10.06"]
[SourceQuality "1"]
[WhiteTeam "Muelheim Nord III"]
[BlackTeam "Oberhausen SV II"]
[WhiteTeamCountry "GER"]
[BlackTeamCountry "GER"]

1. f4 c5 2. Nf3 Nc6 3. g3 Nf6 4. Bg2 d5 5. d3 Qc7 6. 0-0 e6 7. Qe1 Be7 8. e4 d4 9. a4 0-0 10. h3 Nd7 11. Na3 a6 12. Bd2 b6 13. g4 Bb7 14. h4 f6 15. Bh3 Bd6 16. Nc4 e5 17. f5 Kf7 18. g5 Ke7 19. h5 h6 20. gxh6 gxh6 21. Nh4 Kf7 22. Ng6 Rh8 23. Nxh8+ Rxh8 24. Qh4 Bf8 25. Kf2 a5 26. Rg1 Ba6 27. Na3 Nb4 28. b3 Nc6 29. Rg2 Ne7 30. Rag1 Qd6 31. Ke2 Qc6 32. Bc1 Qd6 33. Nb1 Qc6 34. Nd2 Bb7 35. Rg4 Ba8 36. Qg3 Ke8 37. Nf3 b5 38. axb5 Qxb5 39. Nh4 a4 40. bxa4 Qxa4 41. Kd1 c4 42. Bf1 Qa1 43. dxc4 Nc6 44. Rg8 d3 45. Bxd3 Rxg8 46. Qxg8 Nb4 47. Ke2 Nxd3 48. cxd3 Qa2+ 49. Bd2 Qa7 50. Rg7 Qd4 51. Qf7+ Kd8 52. Ba5+ 1-0

[Event "Ruhrgebiet Regionalliga 1819"]
[Site "Nordrheinwestfalen"]
[Date "2018.09.30"]
[Round "2.6"]
[White "Wloka, Sebastian"]
[Black "Stefaniak, Christian"]
[Result "1/2-1/2"]
[WhiteElo "1884"]
[BlackElo "1914"]
[PlyCount "67"]
[EventDate "2018.09.02"]
[EventType "team-tourn"]
[EventRounds "11"]
[EventCountry "GER"]
[SourceTitle "EXT 2022"]
[Source "ChessBase"]
[SourceDate "2021.10.06"]
[SourceVersion "1"]
[SourceVersionDate "2021.10.06"]
[SourceQuality "1"]
[WhiteTeam "Eichlinghofen SV"]
[BlackTeam "Oberhausen SV II"]
[WhiteTeamCountry "GER"]
[BlackTeamCountry "GER"]

1. d4 e6 2. Nf3 Nf6 3. Bg5 c5 4. e3 b6 5. Bd3 Be7 6. 0-0 cxd4 7. exd4 0-0 8. Nbd2 Ba6 9. Nc4 Qc7 10. Ne3 Bxd3 11. Qxd3 d5 12. Rae1 Nc6 13. c3 Rfe8 14. g3 h6 15. Bf4 Bd6 16. Ng2 Bxf4 17. Nxf4 Rab8 18. Ne5 Nxe5 19. dxe5 Nd7 20. Qe2 b5 21. a3 a5 22. Nh5 Qd8 23. h4 Kh8 24. Rd1 f5 25. exf6 Nxf6 26. Nf4 Qd6 27. Ng6+ Kh7 28. Ne5 Kg8 29. g4 Nd7 30. Nxd7 Qxd7 31. Qe5 Qf7 32. Rd4 Rf8 33. f4 Rbe8 34. Re1 1/2-1/2

[Event "Ruhrgebiet Regionalliga 1718"]
[Site "Germany"]
[Date "2018.04.15"]
[Round "8.8"]
[White "Stefaniak, Christian"]
[Black "Sharma, Danesh"]
[Result "1-0"]
[WhiteElo "1935"]
[BlackElo "1854"]
[PlyCount "67"]
[EventDate "2017.10.01"]
[EventType "team-tourn"]
[EventRounds "9"]
[EventCountry "GER"]
[SourceTitle "EXT 2022"]
[Source "ChessBase"]
[SourceDate "2021.10.06"]
[SourceVersion "1"]
[SourceVersionDate "2021.10.06"]
[SourceQuality "1"]
[WhiteTeam "Oberhausen SV II"]
[BlackTeam "Welper SV"]
[WhiteTeamCountry "GER"]
[BlackTeamCountry "GER"]

1. e4 e5 2. Nf3 Nc6 3. d4 exd4 4. Nxd4 Bc5 5. Nb3 Bb6 6. Nc3 Qf6 7. Qe2 Nge7 8. Be3 0-0 9. 0-0-0 d6 10. Kb1 Be6 11. Bxb6 axb6 12. Qe3 Bxb3 13. cxb3 Ra5 14. h4 Rfa8 15. a3 d5 16. exd5 Nf5 17. Qg5 Rxa3 18. bxa3 Qxc3 19. Rd3 Qe1+ 20. Qc1 Qxc1+ 21. Kxc1 Nce7 22. Kb2 Rd8 23. g4 Nh6 24. Be2 f6 25. Rc1 Rd7 26. g5 Nf7 27. gxf6 gxf6 28. Rcd1 Nd6 29. Bg4 f5 30. Bf3 Ng6 31. Rg1 Kf8 32. h5 Ne5 33. Rc3 Nb5 34. Re3 1-0

[Event "Ruhrgebiet Verbandsliga Gruppe 1 1617"]
[Site "Germany"]
[Date "2017.02.19"]
[Round "7.6"]
[White "Stefaniak, Christian"]
[Black "Bals, Jochen"]
[Result "0-1"]
[WhiteElo "1921"]
[BlackElo "1842"]
[PlyCount "46"]
[EventDate "2016.09.04"]
[EventType "team-tourn"]
[EventRounds "9"]
[EventCountry "GER"]
[SourceTitle "EXT 2022"]
[Source "ChessBase"]
[SourceDate "2021.10.06"]
[SourceVersion "1"]
[SourceVersionDate "2021.10.06"]
[SourceQuality "1"]
[WhiteTeam "Oberhausen SV II"]
[BlackTeam "Kamen SV II"]
[WhiteTeamCountry "GER"]
[BlackTeamCountry "GER"]

1. e4 e5 2. Nf3 Nc6 3. d4 exd4 4. Nxd4 Bc5 5. Be3 Qf6 6. c3 Nge7 7. g3 h5 8. h4 d5 9. Bg2 Bg4 10. f3 Bd7 11. 0-0 Ne5 12. Na3 Qg6 13. Bf4 f6 14. Qb3 Nd3 15. Kh2 Nxf4 16. Qxb7 0-0 17. gxf4 Bd6 18. Ne2 Qh6 19. Qb3 Rab8 20. Qc2 Ng6 21. Rh1 Nxf4 22. Kg1 Nxe2+ 23. Qxe2 Bc5+ 0-1

[Event "Ruhrgebiet Verbandsliga Gruppe 1 1617"]
[Site "Germany"]
[Date "2016.09.04"]
[Round "1.7"]
[White "Huestegge, Ulrich"]
[Black "Stefaniak, Christian"]
[Result "1/2-1/2"]
[WhiteElo "1832"]
[BlackElo "1922"]
[PlyCount "127"]
[EventDate "2016.09.04"]
[EventType "team-tourn"]
[EventRounds "9"]
[EventCountry "GER"]
[SourceTitle "EXT 2022"]
[Source "ChessBase"]
[SourceDate "2021.10.06"]
[SourceVersion "1"]
[SourceVersionDate "2021.10.06"]
[SourceQuality "1"]
[WhiteTeam "Bottrop SV"]
[BlackTeam "Oberhausen SV II"]
[WhiteTeamCountry "GER"]
[BlackTeamCountry "GER"]

1. c4 e6 2. Nc3 Nf6 3. e4 c5 4. g3 Nc6 5. Bg2 d6 6. Nge2 Be7 7. 0-0 e5 8. d3 0-0 9. h3 Rb8 10. f4 a6 11. f5 b5 12. g4 b4 13. Nb1 Ne8 14. Nd2 Bg5 15. Nf3 Bxc1 16. Qxc1 Nd4 17. Nexd4 cxd4 18. g5 f6 19. h4 Qe7 20. Nh2 Kf7 21. Rf3 Rg8 22. Ng4 Kf8 23. Bh3 Bd7 24. Qd2 Bc6 25. Kh2 Qf7 26. Raf1 Ke7 27. gxf6+ Nxf6 28. Qg5 h6 29. Qg6 Be8 30. Nxf6 Qxf6 31. Qh7 Bf7 32. Rg1 Rbf8 33. Rfg3 Rh8 34. Qxg7 Qxg7 35. Rxg7 Rfg8 36. R1g6 Rxg7 37. f6+ Ke8 38. fxg7 Rg8 39. Rxd6 Rxg7 40. Rxa6 Bh5 41. Ra8+ Ke7 42. Ra7+ Kf6 43. Rxg7 Kxg7 44. Bf1 Kf6 45. Kg3 Ke6 46. Bh3+ Kf6 47. Bg4 Be8 48. Bd1 h5 49. a3 bxa3 50. bxa3 Ke7 51. Kf3 Kd6 52. Ke2 Kc5 53. Kd2 Kb6 54. Kc2 Ka5 55. Kb2 Bg6 56. Bb3 Be8 57. Bc2 Bg6 58. Kb3 Bf7 59. a4 Be8 60. Ka3 Bd7 61. c5 Bg4 62. Bb3 Be2 63. Bc4 Bxd3 64. Bxd3 1/2-1/2

[Event "Ruhrgebiet Verbandsliga Gruppe 2 1516"]
[Site "Germany"]
[Date "2016.03.20"]
[Round "8.6"]
[White "Stefaniak, Christian"]
[Black "Hufelschulte, Norbert"]
[Result "1/2-1/2"]
[WhiteElo "1910"]
[BlackElo "2016"]
[PlyCount "33"]
[EventDate "2015.09.06"]
[EventType "team-tourn"]
[EventRounds "9"]
[EventCountry "GER"]
[SourceTitle "EXT 2022"]
[Source "ChessBase"]
[SourceDate "2021.10.06"]
[SourceVersion "1"]
[SourceVersionDate "2021.10.06"]
[SourceQuality "1"]
[WhiteTeam "Oberhausen SV II"]
[BlackTeam "Hamm SV"]
[WhiteTeamCountry "GER"]
[BlackTeamCountry "GER"]

1. e4 c5 2. Nf3 d6 3. c3 Nf6 4. Bc4 e6 5. Qe2 Be7 6. 0-0 0-0 7. d4 Nxe4 8. Qxe4 d5 9. Bxd5 exd5 10. Qe3 c4 11. Re1 Nc6 12. b3 cxb3 13. axb3 Bf5 14. Ba3 Bxa3 15. Nxa3 a6 16. Qd2 Qd6 17. Nc2 1/2-1/2

[Event "Ruhrgebiet Verbandsliga Gruppe 2 1516"]
[Site "Germany"]
[Date "2016.02.21"]
[Round "7.6"]
[White "Pustelny Conrad, Dieter"]
[Black "Stefaniak, Christian"]
[Result "1/2-1/2"]
[WhiteElo "1927"]
[BlackElo "1910"]
[PlyCount "83"]
[EventDate "2015.09.06"]
[EventType "team-tourn"]
[EventRounds "9"]
[EventCountry "GER"]
[SourceTitle "EXT 2022"]
[Source "ChessBase"]
[SourceDate "2021.10.06"]
[SourceVersion "1"]
[SourceVersionDate "2021.10.06"]
[SourceQuality "1"]
[WhiteTeam "Wattenscheid SV III"]
[BlackTeam "Oberhausen SV II"]
[WhiteTeamCountry "GER"]
[BlackTeamCountry "GER"]

1. c4 Nf6 2. Nc3 e6 3. g3 d5 4. Bg2 Be7 5. d4 0-0 6. Nf3 c6 7. 0-0 b6 8. Ne5 Bb7 9. Qa4 a6 10. Rd1 b5 11. cxb5 cxb5 12. Qb3 Nc6 13. Nxc6 Bxc6 14. Bf4 Qd7 15. a3 a5 16. Rdc1 Nh5 17. Bd2 Nf6 18. Nd1 Rfc8 19. f3 h6 20. Nf2 Qa7 21. e3 Nd7 22. Bf1 Qb8 23. Nd3 Bd6 24. Kg2 Nb6 25. Nc5 Nc4 26. Qc3 a4 27. Qc2 Qa7 28. Nd3 Bd7 29. Qd1 Rc7 30. Kf2 Rac8 31. Bb4 Bxb4 32. axb4 Qb6 33. Nc5 Nxb2 34. Qc2 Nc4 35. Bd3 Qd6 36. Qc3 Bc6 37. f4 f5 38. Qc2 Qe7 39. Qe2 g6 40. Ra2 Qf6 41. h4 Re8 42. Bb1 1/2-1/2

[Event "Ruhrgebiet Verbandsliga Gruppe 2 1516"]
[Site "Germany"]
[Date "2016.01.24"]
[Round "6.7"]
[White "Dette, Jan"]
[Black "Stefaniak, Christian"]
[Result "0-1"]
[WhiteElo "1960"]
[BlackElo "1910"]
[PlyCount "80"]
[EventDate "2015.09.06"]
[EventType "team-tourn"]
[EventRounds "9"]
[EventCountry "GER"]
[SourceTitle "EXT 2022"]
[Source "ChessBase"]
[SourceDate "2021.10.06"]
[SourceVersion "1"]
[SourceVersionDate "2021.10.06"]
[SourceQuality "1"]
[WhiteTeam "Katernberg SF III"]
[BlackTeam "Oberhausen SV II"]
[WhiteTeamCountry "GER"]
[BlackTeamCountry "GER"]

1. e4 e6 2. d4 d5 3. Nd2 Nf6 4. e5 Nfd7 5. Bd3 c5 6. c3 Nc6 7. Ngf3 cxd4 8. cxd4 Qb6 9. 0-0 f6 10. exf6 Nxf6 11. Re1 Bd6 12. Ng5 Nxd4 13. Bxh7 Ke7 14. Ndf3 Nxf3+ 15. Qxf3 Rxh7 16. Nxh7 Nxh7 17. Qxd5 Nf6 18. Qd3 Bd7 19. Qg6 Kf8 20. Bh6 Ne8 21. Bg5 Be7 22. Bxe7+ Kxe7 23. b3 Qd4 24. Rad1 Qf6 25. Qg4 Bc6 26. Qb4+ Kf7 27. Rd4 Qe7 28. Qd2 Nf6 29. Qe3 Re8 30. Red1 Kg8 31. Qd3 Bd5 32. Rh4 Qf7 33. Rc1 Bc6 34. Rc3 e5 35. Rc5 e4 36. Qe3 Rd8 37. Rc1 Qd5 38. h3 Qd2 39. Qxd2 Rxd2 40. a4 g5 0-1

[Event "Ruhrgebiet Verbandsliga Gruppe 2 1516"]
[Site "Germany"]
[Date "2015.09.06"]
[Round "1.7"]
[White "Doenges, Dirk"]
[Black "Stefaniak, Christian"]
[Result "1/2-1/2"]
[WhiteElo "1750"]
[BlackElo "1949"]
[PlyCount "46"]
[EventDate "2015.09.06"]
[EventType "team-tourn"]
[EventRounds "9"]
[EventCountry "GER"]
[SourceTitle "EXT 2022"]
[Source "ChessBase"]
[SourceDate "2021.10.06"]
[SourceVersion "1"]
[SourceVersionDate "2021.10.06"]
[SourceQuality "1"]
[WhiteTeam "Horst Emscher"]
[BlackTeam "Oberhausen SV II"]
[WhiteTeamCountry "GER"]
[BlackTeamCountry "GER"]

1. e4 e6 2. d4 d5 3. exd5 exd5 4. Nf3 Nf6 5. Bg5 Bg4 6. h3 Bh5 7. Be2 Bd6 8. Ne5 Bxe2 9. Qxe2 Qe7 10. Bxf6 gxf6 11. Ng4 Qxe2+ 12. Kxe2 Nd7 13. Nc3 c6 14. Kd3 0-0-0 15. Nh6 Rhf8 16. g3 Rde8 17. Rae1 Rxe1 18. Rxe1 Kc7 19. a3 Nb6 20. Re2 a6 21. b4 Nc4 22. Nb1 a5 23. c3 b6 1/2-1/2

[Event "NRW Verbandsklasse Group1 1314"]
[Site "Nordrheinwestfalen"]
[Date "2014.03.09"]
[Round "8.2"]
[White "Stefaniak, Christian"]
[Black "Guddat, Joern"]
[Result "1/2-1/2"]
[WhiteElo "1921"]
[BlackElo "1777"]
[PlyCount "43"]
[EventDate "2013.09.08"]
[EventType "team-tourn"]
[EventRounds "9"]
[EventCountry "GER"]
[SourceTitle "EXT 2020"]
[Source "ChessBase"]
[SourceDate "2019.10.17"]
[SourceVersion "1"]
[SourceVersionDate "2019.10.17"]
[SourceQuality "1"]
[WhiteTeam "Oberhausen SV III"]
[BlackTeam "Eichlinghofen SV II"]
[WhiteTeamCountry "GER"]
[BlackTeamCountry "GER"]

1. e4 e6 2. d4 d5 3. exd5 exd5 4. Nf3 Nc6 5. Bd3 Bd6 6. c3 Nge7 7. Bg5 f6 8. Bh4 Bg4 9. Bg3 Qd7 10. Bxd6 Qxd6 11. Nbd2 Bf5 12. Bxf5 Nxf5 13. 0-0 0-0 14. Qc2 Nce7 15. Rfe1 Qd7 16. b3 c6 17. Rad1 Rfe8 18. Nf1 Ng6 19. Ng3 Nxg3 20. hxg3 Rxe1+ 21. Rxe1 Kf7 22. Re3 1/2-1/2

[Event "NRW Verbandsklasse Group1 1314"]
[Site "Nordrheinwestfalen"]
[Date "2014.02.16"]
[Round "7.2"]
[White "Stefaniak, Christian"]
[Black "Wagner, Ralf"]
[Result "0-1"]
[WhiteElo "1921"]
[BlackElo "1936"]
[PlyCount "106"]
[EventDate "2013.09.08"]
[EventType "team-tourn"]
[EventRounds "9"]
[EventCountry "GER"]
[SourceTitle "EXT 2020"]
[Source "ChessBase"]
[SourceDate "2019.10.17"]
[SourceVersion "1"]
[SourceVersionDate "2019.10.17"]
[SourceQuality "1"]
[WhiteTeam "Oberhausen SV III"]
[BlackTeam "Ahlen SV II"]
[WhiteTeamCountry "GER"]
[BlackTeamCountry "GER"]

1. e4 e6 2. d4 c5 3. c3 cxd4 4. cxd4 Nf6 5. Nc3 d5 6. Bg5 dxe4 7. Bxf6 Qxf6 8. Nxe4 Bb4+ 9. Nc3 Nc6 10. Nf3 0-0 11. Bb5 Rd8 12. Bxc6 bxc6 13. Qb3 Ba5 14. 0-0 Bc7 15. Ne4 Qh6 16. Rfd1 Rd5 17. Qc3 Bd7 18. b4 Be8 19. a4 Rc8 20. Rac1 Bf4 21. Rb1 Rcd8 22. Ng3 e5 23. Ne2 e4 24. Nxf4 Qxf4 25. Ne1 Qd6 26. Nc2 Rh5 27. Qg3 Qe7 28. Re1 f5 29. f3 Bf7 30. Qf4 Bg6 31. fxe4 fxe4 32. Rbd1 Rf8 33. Qg3 Rg5 34. Qb3+ Kh8 35. Rf1 Rb8 36. Qc3 Qe6 37. Rde1 h6 38. Re3 Re8 39. Rf4 Qd6 40. Rf1 Rh5 41. Rg3 Rg8 42. Ne3 Bh7 43. Nc4 Qe7 44. Ne5 Rf5 45. Rxf5 Bxf5 46. Nxc6 Qe6 47. b5 Qa2 48. Ne7 Qb1+ 49. Kf2 Rf8 50. Ke3 Bh7 51. Ng6+ Bxg6 52. Rxg6 Qf1 53. Qb4 Qd3# 0-1

[Event "NRW Verbandsklasse Group1 1314"]
[Site "Nordrheinwestfalen"]
[Date "2014.01.26"]
[Round "6"]
[White "Prass, Marian"]
[Black "Stefaniak, Christian"]
[Result "1/2-1/2"]
[WhiteElo "1952"]
[BlackElo "1921"]
[PlyCount "87"]
[EventDate "2013.09.08"]
[EventType "team-tourn"]
[EventRounds "9"]
[EventCountry "GER"]
[SourceTitle "EXT 2020"]
[Source "ChessBase"]
[SourceDate "2019.10.17"]
[SourceVersion "1"]
[SourceVersionDate "2019.10.17"]
[SourceQuality "1"]
[WhiteTeam "Altenessen"]
[BlackTeam "Oberhausen SV III"]
[WhiteTeamCountry "GER"]
[BlackTeamCountry "GER"]

1. e4 e6 2. d4 d5 3. Nc3 Bb4 4. e5 c5 5. a3 Bxc3+ 6. bxc3 Ne7 7. Qg4 0-0 8. Nf3 Nbc6 9. Bd3 f5 10. exf6 Rxf6 11. Qh5 h6 12. 0-0 c4 13. Be2 Bd7 14. a4 Be8 15. Qh3 Qc7 16. Ba3 Ng6 17. Bc1 Nf4 18. Bxf4 Qxf4 19. a5 Bg6 20. Ra2 Be4 21. Qg3 Qxg3 22. hxg3 Rff8 23. Rb1 Bxf3 24. Bxf3 Rab8 25. Rb5 Rfd8 26. Rab2 Rd7 27. Bg4 Kf7 28. a6 b6 29. f4 Re8 30. Bf3 g6 31. Rb1 Kf6 32. Kf2 Nd8 33. Re1 Ree7 34. g4 Nf7 35. Rbb1 Nd6 36. Rh1 Nf7 37. g3 Rd8 38. Rbe1 Rdd7 39. Re3 Rc7 40. Rhe1 Nd6 41. Rh1 Nf7 42. Rhe1 Nd6 43. Rh1 Nf7 44. Rhe1 1/2-1/2

[Event "Ruhrgebiet VL1 0910"]
[Site "Germany"]
[Date "2009.11.08"]
[Round "3.3"]
[White "Wolf, Ulrich Martin"]
[Black "Stefaniak, Christian"]
[Result "1-0"]
[WhiteElo "2084"]
[BlackElo "1896"]
[PlyCount "101"]
[EventDate "2009.09.06"]
[EventType "team-tourn"]
[EventRounds "9"]
[EventCountry "GER"]
[SourceTitle "EXT 2011"]
[Source "ChessBase"]
[SourceDate "2010.11.26"]
[SourceVersion "1"]
[SourceVersionDate "2010.11.26"]
[SourceQuality "1"]
[WhiteTeam "Wattenscheid IV"]
[BlackTeam "Buer"]
[WhiteTeamCountry "GER"]
[BlackTeamCountry "GER"]

1. Nf3 Nf6 2. c4 e6 3. g3 d5 4. d4 Be7 5. Nc3 0-0 6. Bg2 c6 7. cxd5 exd5 8. Qc2 Bg4 9. 0-0 Nbd7 10. Bg5 h6 11. Bxf6 Bxf6 12. e3 Re8 13. b4 a6 14. a4 Nb6 15. Nd2 Qd7 16. b5 Bf5 17. bxc6 bxc6 18. Qa2 Bd3 19. Rfc1 Rab8 20. Bf1 Bxf1 21. Kxf1 h5 22. Kg2 h4 23. Qc2 h3+ 24. Kg1 Rec8 25. Qd3 c5 26. dxc5 Rxc5 27. a5 Rxc3 28. Rxc3 Bxc3 29. Qxc3 Na4 30. Qd4 Nb2 31. e4 Qb5 32. exd5 Qd3 33. Qxd3 Nxd3 34. Ra3 Ne5 35. Re3 f6 36. f4 Ng4 37. Rd3 Rc8 38. d6 Rc1+ 39. Nf1 Rc2 40. Ne3 Rc1+ 41. Nd1 Rc8 42. d7 Rd8 43. Nf2 Nxf2 44. Kxf2 Kf7 45. Rd6 Ke7 46. Rxa6 Rxd7 47. g4 Rd3 48. Ra7+ Kf8 49. a6 g5 50. fxg5 fxg5 51. Rb7 1-0

[Event "Ruhrgebiet VL1 0910"]
[Site "Germany"]
[Date "2009.09.06"]
[Round "1.2"]
[White "Poley, Vladimir"]
[Black "Stefaniak, Christian"]
[Result "1-0"]
[WhiteElo "2328"]
[BlackElo "1896"]
[PlyCount "139"]
[EventDate "2009.09.06"]
[EventType "team-tourn"]
[EventRounds "9"]
[EventCountry "GER"]
[SourceTitle "EXT 2011"]
[Source "ChessBase"]
[SourceDate "2010.11.26"]
[SourceVersion "1"]
[SourceVersionDate "2010.11.26"]
[SourceQuality "1"]
[WhiteTeam "Oberhausen"]
[BlackTeam "Buer"]
[WhiteTeamCountry "GER"]
[BlackTeamCountry "GER"]

1. Nf3 e6 2. c4 Nf6 3. g3 b6 4. Bg2 Bb7 5. 0-0 Be7 6. Nc3 0-0 7. Re1 d6 8. e4 Nbd7 9. d4 e5 10. h3 a5 11. Qc2 Re8 12. b3 Bf8 13. Bb2 h6 14. Rad1 Qc8 15. Kh2 g6 16. a3 Bg7 17. d5 Rf8 18. Nh4 Kh7 19. Bf1 Qd8 20. b4 Ng8 21. Bd3 Bf6 22. Ng2 Ne7 23. Ne2 Bg7 24. Ne3 Kh8 25. Ng1 Qe8 26. f4 f6 27. Nf3 Qf7 28. Rf1 Qg8 29. Bc3 axb4 30. axb4 Ra7 31. Rd2 Rfa8 32. Bb2 Qe8 33. Rdf2 Ra4 34. fxe5 fxe5 35. Qd2 Ng8 36. Bc2 Ra2 37. Bb3 R2a7 38. Nd1 Kh7 39. Nc3 Rc8 40. Ba4 Qe7 41. Ne1 Ndf6 42. Qc2 Rca8 43. Bb5 Rf8 44. Nd3 Raa8 45. Bc1 Nd7 46. Be3 Rxf2+ 47. Rxf2 Ngf6 48. Bc6 Bxc6 49. dxc6 Nf8 50. Nd5 Nxd5 51. cxd5 g5 52. Qd1 Ng6 53. Nb2 Ra2 54. Qb1 Ra8 55. Qf1 Kg8 56. Nc4 Nf8 57. Qd1 Nh7 58. Qg4 b5 59. Nd2 Nf6 60. Qe2 Ra3 61. Rf1 g4 62. h4 Qe8 63. Bxh6 Qg6 64. Bxg7 Kxg7 65. Rf5 Kh7 66. Rg5 Qf7 67. Qf2 Rf3 68. Nxf3 gxf3 69. Qxf3 Ng4+ 70. Kg2 1-0

[Event "Ruhrgebiet VK3 0708"]
[Site "Germany"]
[Date "2008.04.27"]
[Round "9.3"]
[White "Lenz, Guntram"]
[Black "Stefaniak, Christian"]
[Result "1-0"]
[WhiteElo "2053"]
[BlackElo "1944"]
[PlyCount "67"]
[EventDate "2007.09.16"]
[EventType "team"]
[EventRounds "9"]
[EventCountry "GER"]
[SourceTitle "EXT 2009"]
[Source "ChessBase"]
[SourceDate "2008.11.26"]
[SourceVersion "1"]
[SourceVersionDate "2008.11.26"]
[SourceQuality "1"]
[WhiteTeam "Boenen SV"]
[BlackTeam "Buer"]
[WhiteTeamCountry "GER"]
[BlackTeamCountry "GER"]

1. d4 e6 2. c4 Nf6 3. Nf3 b6 4. a3 Ba6 5. e3 Be7 6. Nc3 0-0 7. Bd3 c5 8. d5 d6 9. e4 e5 10. h3 Nbd7 11. g4 Bc8 12. Ne2 Ne8 13. Ng3 g6 14. g5 f6 15. h4 Rf7 16. gxf6 Bxf6 17. Ng5 Bxg5 18. Bxg5 Nef6 19. Qd2 Nf8 20. 0-0-0 Bg4 21. Rdg1 Qd7 22. Be2 Bxe2 23. Qxe2 b5 24. cxb5 c4 25. h5 Qxb5 26. Nf5 Qd7 27. Nh6+ Kg7 28. Nxf7 Qxf7 29. hxg6 Nxg6 30. Qf3 Rh8 31. Rh6 Nd7 32. Qxf7+ Kxf7 33. Be3 a6 34. Rgxg6 1-0

[Event "Ruhrgebiet VK3 0708"]
[Site "Germany"]
[Date "2008.02.17"]
[Round "6.5"]
[White "Blank, Stephan"]
[Black "Stefaniak, Christian"]
[Result "0-1"]
[WhiteElo "1796"]
[BlackElo "1937"]
[PlyCount "174"]
[EventDate "2007.09.16"]
[EventType "team"]
[EventRounds "9"]
[EventCountry "GER"]
[SourceTitle "EXT 2009"]
[Source "ChessBase"]
[SourceDate "2008.11.26"]
[SourceVersion "1"]
[SourceVersionDate "2008.11.26"]
[SourceQuality "1"]
[WhiteTeam "Essen Werden"]
[BlackTeam "Buer"]
[WhiteTeamCountry "GER"]
[BlackTeamCountry "GER"]

1. d4 e6 2. c4 Nf6 3. Nc3 Bb4 4. Qc2 b6 5. Bg5 Bb7 6. f3 h6 7. Bh4 c5 8. e3 0-0 9. a3 Bxc3+ 10. bxc3 d6 11. Bd3 Nbd7 12. Ne2 Re8 13. 0-0 Qc7 14. e4 e5 15. d5 Qd8 16. a4 Nf8 17. Bf2 Ng6 18. Qd2 Nh5 19. Be3 Bc8 20. f4 Nhxf4 21. Nxf4 exf4 22. Bxf4 Nxf4 23. Qxf4 f6 24. Rf3 Re5 25. Raf1 Qf8 26. h4 Bd7 27. Bc2 Qe7 28. Rg3 Kh8 29. Rgf3 Re8 30. Qg3 Qf7 31. Rf4 Kh7 32. Ra1 Qg6 33. Qxg6+ Kxg6 34. g3 Kf7 35. Raf1 Kg8 36. Kg2 R8e7 37. R1f2 Be8 38. g4 Bg6 39. Kf3 Be8 40. Kg3 Bg6 41. Kf3 Be8 42. Rg2 Bd7 43. g5 fxg5 44. hxg5 hxg5 45. Rfg4 Rf7+ 46. Ke3 Bxg4 47. Rxg4 Rf1 48. Ke2 Rc1 49. Kd2 Rh1 50. Rg2 Rh3 51. Bd3 Rf3 52. Ke2 Rf4 53. Ke3 Rh4 54. Bc2 g4 55. Bd1 Rh3+ 56. Kf4 g5+ 57. Kxg4 Rxc3 58. Kh5 Kg7 59. Bg4 Rc1 60. Bf5 Kf6 61. Rf2 Rh1+ 62. Kg4 Rh4+ 63. Kg3 Rf4 64. Rh2 Rh4 65. Rf2 Rf4 66. Rh2 Rfxe4 67. Bxe4 Rxe4 68. Rh6+ Ke7 69. Rh7+ Kd8 70. Rxa7 Rxc4 71. Rb7 Rxa4 72. Rxb6 Kc7 73. Rc6+ Kd7 74. Rb6 Rd4 75. Rb7+ Kc8 76. Rb6 Rxd5 77. Kg4 Kc7 78. Ra6 c4 79. Ra1 c3 80. Rc1 Rc5 81. Kf3 c2 82. Ke4 g4 83. Kd4 g3 84. Ke3 d5 85. Kd4 Kc6 86. Kd3 g2 87. Kd2 d4 0-1

[Event "Ruhrgebiet VK3 0708"]
[Site "Germany"]
[Date "2007.12.09"]
[Round "4.3"]
[White "Werschmoeller, Thomas"]
[Black "Stefaniak, Christian"]
[Result "1-0"]
[WhiteElo "1877"]
[BlackElo "1937"]
[PlyCount "51"]
[EventDate "2007.09.16"]
[EventType "team"]
[EventRounds "9"]
[EventCountry "GER"]
[SourceTitle "EXT 2009"]
[Source "ChessBase"]
[SourceDate "2008.11.26"]
[SourceVersion "1"]
[SourceVersionDate "2008.11.26"]
[SourceQuality "1"]
[WhiteTeam "Witten"]
[BlackTeam "Buer"]
[WhiteTeamCountry "GER"]
[BlackTeamCountry "GER"]

1. e4 e6 2. d4 d5 3. e5 c5 4. c3 Nc6 5. Nf3 Qb6 6. Bd3 cxd4 7. cxd4 Bd7 8. 0-0 Nxd4 9. Ng5 g6 10. Nc3 h6 11. Nh3 Nf5 12. g4 Nh4 13. Nf4 Rc8 14. a4 Bc5 15. Nb5 a6 16. a5 Qc6 17. Nc3 Ne7 18. Be3 0-0 19. Rc1 Bxe3 20. fxe3 Qc5 21. Ncxd5 exd5 22. Rxc5 Rxc5 23. Qe1 g5 24. Nh5 Kh8 25. Qb4 Rfc8 26. e6 1-0

[Event "Ruhrgebiet VK1 0405"]
[Site "Ruhrgebiet"]
[Date "2005.04.10"]
[Round "9.1"]
[White "Stefaniak, Christian"]
[Black "Bollwerk, Markus"]
[Result "0-1"]
[WhiteElo "1884"]
[BlackElo "2019"]
[PlyCount "74"]
[EventDate "2004.09.12"]
[EventType "team"]
[EventRounds "9"]
[EventCountry "GER"]
[SourceTitle "EXT 2006"]
[Source "ChessBase"]
[SourceDate "2005.11.24"]
[SourceVersion "1"]
[SourceVersionDate "2005.11.24"]
[SourceQuality "1"]
[WhiteTeam "Gelsenkirchen II"]
[BlackTeam "Dortmund 1926"]
[WhiteTeamCountry "GER"]
[BlackTeamCountry "GER"]

1. e4 g6 2. d4 d6 3. Nf3 Bg7 4. h3 Nf6 5. Nc3 0-0 6. Be3 Nbd7 7. Be2 e5 8. dxe5 dxe5 9. 0-0 c6 10. a4 Qe7 11. Qc1 Nc5 12. Bg5 Qc7 13. Bxf6 Bxf6 14. Bc4 Be6 15. Bxe6 Nxe6 16. Ne2 Qb6 17. Re1 Rfd8 18. b3 Qb4 19. Qe3 Rd7 20. Rad1 Rad8 21. Rxd7 Rxd7 22. Nc1 c5 23. Na2 Qa5 24. Nc3 Nd4 25. Rc1 Qxc3 26. Qxc3 Ne2+ 27. Kf1 Nxc3 28. Re1 b5 29. axb5 Nxb5 30. Ra1 Nd4 31. Nxd4 cxd4 32. Ra6 Bd8 33. Ke2 Bb6 34. Kd1 Rc7 35. Ra4 f5 36. f3 fxe4 37. fxe4 Rc3 0-1